000 00712nam a2200217 i 4500
001 150682
003 ES-MaACL
005 20250829103238.0
007 t|
008 071105s1949 sp ||||1| spa d
100 1 _aCasariego, J. E.,
_d1913-1990
_936176
245 1 0 _aPasado, porvenir y misión de la gran Argentina /
_cJesús Evaristo Díaz Casariego Fernández.
260 _a[Madrid] :
_bCultura Hispánica,
_c[1949]
300 _a160 p. ;
_c17 cm.
490 1 _aSanto y seña ;
_v2
651 4 _aArgentina-
_xHistoria
_97807
710 2 _aInstituto de Cultura Hispánica (España)
_94854
830 1 _aSanto y seña ;
_v2
_9182042
852 _aES-MaACL
_jD-8171
999 _c150682
_d150682